The circulatory system and the respiratory system

Bibliographic Details
Main Authors: Riddle, Janet T. E. (Author), Lee, May (Author)
Format: Book
Published: Edinburgh, Scotland : Churchill Livingstone , c1989
Subjects:

MARC

LEADER 00000cam a2200000 7i4500
001 0000007346
005 20030218093000.0
008 021119s1989
020 |a 0443039364 
090 0 0 |a RC674   |b .R53 1989 
100 0 |a Riddle, Janet T. E. ,   |e author 
245 1 4 |a The circulatory system and the respiratory system   |c edited by Janet T. E. Riddle   |f with contributions from May Lee ... [et al.] 
260 2 |a Edinburgh, Scotland :   |b Churchill Livingstone ,   |c c1989 
300 |a 133 p. ;   |c 25 cm. 
504 |a Includes bibliographical references (p. 131-133) 
650 0 |a Cardiovascular disease nursing   |x Examinations, questions, etc. 
650 0 |a Respiratory disease nursing   |x Examinations, questions, etc. 
700 0 |a Lee, May ,   |e author 
999 |a 1000056014   |b Book   |c OPEN SHELF (30 DAYS)   |e Gong Badak Campus